2023年西安地铁站名 Xi'an subway station names in 2023 - Statistics

General Stats
  • This quiz has been taken 98 times
  • The average score is 73 of 220
Answer Stats
线路与换乘 Line&Transfer 答案 Answer 提示信息 Hints % Correct
Line 2-4-14-railway 西安北站 火车站
90%
Line 2-4-14-railway 西安北站 火车站
90%
Line 3-4 大雁塔 地标建筑
85%
Line 3-4 大雁塔 地标建筑
85%
Line 2-4-14-railway 西安北站 火车站
83%
Line 2-6 钟楼 地标建筑
81%
Line 2-3 小寨 雁塔区最大商业中心
81%
Line 2-3 小寨 雁塔区最大商业中心
81%
Line 2-6 钟楼 地标建筑
81%
Line 4 大明宫 遗址
78%
Line 4-railway 西安站 火车站
73%
Line 2 永宁门 明城墙城门
70%
Line 1-6-9 纺织城 原东部卫星城
69%
Line 1-6-9 纺织城 东部卫星城
69%
Line 1-6-9 纺织城 东部卫星城
69%
Line 1-2 北大街 城墙四大主干道名
66%
Line 1-2 北大街 城墙四大主干道名
66%
Line 2-5 南稍门 城墙南部商业中心
65%
Line 2-5 南稍门 城墙南部商业中心
65%
Line 2-4 行政中心 政府机关
63%
Line 2-4 行政中心 政府机关
63%
Line 5-6 西北工业大学 大学校区
63%
Line 5-6 西北工业大学 大学校区
63%
Line 14 (airport metro) 机场 公共建筑 T5
63%
Line 2 草滩 湿地
60%
Line 4-6 大差市 城墙内部商圈之一
56%
Line 4-6 大差市 城墙内部商圈之一
56%
Line 1 半坡 文明遗址
55%
Line 2 安远门 明城墙城门
55%
Line 2 电视塔 地标建筑 公共建筑
55%
Line 6 交通大学·兴庆宫 大学校区 公园综合命名
55%
Line 6 西安南站 火车站 高新区(2023未开通)
55%
Line 2 龙首原 附近地区因秦朝一传说而赐名
54%
Line 4-5 建筑科技大学·李家村 大学校区 附近地块综合命名
54%
Line 4-5 建筑科技大学·李家村 大学校区 附近地块综合命名
54%
Line 1-4 五路口 城墙内部商圈之一
51%
Line 1-4 五路口 城墙内部商圈之一
51%
Line 5 西安东站 火车站(2023年暂未开通)
51%
Line 5-Xihu 阿房宫南 遗址 西咸新区
51%
Line 5-Xihu 阿房宫南 遗址
51%
Line 2 市图书馆 公共建筑
50%
Line 2 凤城五路 道路名
49%
Line 1 咸阳西站 火车站 咸阳主城区部分
48%
Line 2 体育场 公共建筑
46%
Line 2 韦曲南 车站标识为秦岭终南山
46%
Line 4 大唐芙蓉园 公园 非公共建筑
46%
Line 2 大明宫西 遗址
45%
Line 2 纬一街 道路名
45%
Line 3-6 科技路 道路命名 高新区
45%
Line 3-6 科技路 道路名 高新区
45%
Line 1 朝阳门 明城墙城门
44%
Line 1 洒金桥 唐代护城河相关 回坊
44%
Line 2 凤城十路 道路名
44%
Line 2 航天城 南部卫星城
44%
Line 3 保税区 较大行政区划 港务区
44%
Line 3-5 青龙寺 名胜古迹
44%
Line 3 鱼化寨 因明洪武年间其他省份移民得名
44%
Line 3-5 青龙寺 名胜古迹
44%
Line 5-16 欢乐谷 游乐园 西咸新区
44%
Line 5-16 欢乐谷 游乐园 西咸新区
44%
Line 2 红会医院北区 医院
43%
Line 2 常宁宫 遗址
43%
Line 1 浐河 河流
41%
Line 5 马腾空 附近地块命名
41%
Line 5 创新港 大学校区 西咸新区
41%
Line 6 安定门 明城墙城门
41%
Line Xihu 户县 区划名称
41%
Line 1 玉祥门 明城墙城门 民国将军名
40%
Line 4 西安科技大学 大学校区
40%
Line 9 华清池 遗址 临潼区
40%
Line 2 凤栖原 秦朝称鸿固原 汉朝改为此名
39%
Line 3 吉祥村 城内大学聚集地
39%
Line 5 太乙路 铁一中附近
39%
Line 9 秦陵西 遗址 临潼区
39%
Line 1 沣河森林公园 公园 西咸新区
38%
Line 2 北苑 附近地块命名
38%
Line 4 航天新城 工业区划名称
38%
Line 1-3 通化门 古城门名 旧轻工业商贸中心
36%
Line 2 三爻 附近地块命名
36%
Line 1-3 通化门 古城门名 旧轻工业商贸中心
36%
Line 3 北池头 唐朝胜迹曲江池的北畔尽头
36%
Line 4 和平门 城门命名
35%
Line 6 长乐门 明城墙城门
35%
Line 6 西安国际医学中心 科研机构 高新区
35%
Line 3 香湖湾 公园
34%
Line 4 曲江池西 公园
34%
Line 5 文艺路 1950年代大批文艺团体在此选地筹建
34%
Line 6 西电科大南校区未来之瞳 大学校区 高新区(2023未开通)
34%
Line 14 (airport metro) 渭河南 河流命名 西咸新区
34%
Line 6 大唐西市 遗址改造项目
33%
Line 16 诗经里 文化景区 西咸新区
33%
Line 1 康复路 城东轻工业市场副中心
31%
Line 1 三桥 汉代“丝绸之路”的起点 西咸新区
31%
Line 3-14 双寨 附近地块命名 港务区
31%
Line 3 国际港务区 较大行政区划 港务区
31%
Line 4 文景路 道路名 汉朝两位皇帝名
31%
Line 4 大明宫北 遗址
31%
Line 5 理工大曲江校区 大学校区
31%
Line 5 雁翔路北口 道路名
31%
Line 3-14 双寨 地铁标识为其门楼 港务区
31%
Line 14 (airport metro) 机场西 公共建筑 T1-3
31%
Line 5 丰庆公园 公园
30%
Line 6 木塔寺 隋代称禅定寺 高新区
30%
Line 3-6 咸宁路 道路名 附近有三所大学
29%
Line 3-6 咸宁路 道路名 附近有三所大学
29%
Line 6 丈八一路 道路名 高新区
29%
Line 14 西安工大·武德路 大学校区 道路综合命名
29%
Line 4 凤城九路 道路名
28%
Line 4 市中医医院 医院
28%
Line 6 广济街 五代宋元西安城的南北中轴线 回坊
28%
Line 6 省体育馆 公共建筑 高新区
28%
Line 1-16 上林路 道路名 西咸新区
26%
Line 1 陕西中医药大学 大学校区 西咸新区
26%
Line 3 太白南路 道路命名 高新区
26%
Line 4 含元殿 遗址
26%
Line 4 航天大道 地块强相关道路名
26%
Line 5 边家村 附近地块命名
26%
Line 5 金光门 古城门名
26%
Line 6 桥梓口 西周传说得名 回坊
26%
Line 6 丈八四路 道路名 高新区
26%
Line 9 西工程大·西科大(临潼校区) 大学校区综合命名 临潼区
26%
Line 14 奥体中心 公共建筑 港务区
26%
Line 14 (airport metro) 秦宫 遗址 西咸新区
26%
Line 1-16 上林路 原沣东街道 西咸新区
26%
Line 1 开远门 古城门名
25%
Line 2 何家营 附近地块命名
25%
Line 3 长乐公园 公园
25%
Line 5 创新港东 大学校区 西咸新区
25%
Line 6 纺二路 地块强相关道路名
25%
Line 6 丈八六路 道路名 高新区
25%
Line 9 香王 唐代制香为生的大家得名 临潼区
25%
Line 14 (airport metro) 摆旗寨 秦国“白起”摆旗点将之地 西咸新区
25%
Line 3 辛家庙 车站标识为汉代上林苑景观
24%
Line 5 雁鸣湖 湿地(2023年暂未开通)
24%
Line 6 卫星测控中心 科研机构
24%
Line 6 甘家寨 附近地块命名 高新区
24%
Line 3 桃花潭 公园
23%
Line 3 胡家庙 附近地块命名
23%
Line 3 延平门 古城门命 高新区
23%
Line 3 丈八北路 道路命名 高新区
23%
Line 4 凤城十二路 道路名
23%
Line 4 百花村 附近地块命名
23%
Line 5 黄渠头 附近地块命名
23%
Line 6 纺六路 地块强相关道路名
23%
Line 14 贺韶 附近地块命名 港务区
23%
Line 14 (airport metro) 艺术中心 公共建筑 西咸新区
23%
Line 1 皂河 河流名 西咸新区
21%
Line 1 后卫寨 原村名 西咸新区
21%
Line 3 延兴门 古城门命名 沙坡附近
21%
Line 14 (airport metro) 空港新城 西咸新区区划
21%
Line 16 西安国际足球中心 公共建筑 西咸新区
21%
Line 1 枣园 附近地块名
20%
Line 5 镐京 遗址 西咸新区
20%
Line 5 翱翔小镇 附近地块命名 西咸新区
20%
Line 6 万寿南路 道路名
20%
Line 9 田王 明朝两姓居民聚集得名 临潼区
20%
Line 1 长乐坡 道路相关
19%
Line 1 万寿路 道路名
19%
Line 1 劳动路 道路名
19%
Line 3 浐灞中心 公园管理处
19%
Line 4 元朔路 道路名 汉朝年号
19%
Line 4 余家寨 附近地块命名
19%
Line 5 月登阁 附近地块命名(2023年暂未开通)
19%
Line 6 穆将王 遗址
19%
Line 6 造字台 遗址 高新区
19%
Line 14 (airport metro) 秦汉新城 西咸新区区划
19%
Line 14 (airport metro) 长陵 遗址 西咸新区
19%
Line 5 石桥立交 公共交通设施
18%
Line 5 高桥 清代古名桥名 西咸新区
18%
Line 6 田家湾 附近地块命名
18%
Line 14 文景山公园 公园
18%
Line 16 细柳营 秦末一驻军处 西咸新区
18%
Line 1 汉城路 道路名
16%
Line 1 中华西路 道路名 咸阳主城区部分
16%
Line 3 石家街 车站标识为汉代上林苑 禁苑景观
16%
Line 5 王寺 相传周朝祭天拜神的皇家寺院 西咸新区
16%
Line 5 斗门 昆明池与沣水调节斗渠闸门口 西咸新区
16%
Line 6 公园南路 道路名
16%
Line 6 郭杜西 西南卫星城 高新区
16%
Line 9 鹦鹉寺公园 公园 临潼区
16%
Line 3 务庄 附近地块命名 港务区
15%
Line 3 广泰门 城门命名
15%
Line 4 飞天路 地块强相关道路名
15%
Line 4 东长安街 道路名
15%
Line 4 航天东路 地块强相关道路名
15%
Line 5 汉城南路 道路名
15%
Line 9 洪庆 相传为秦始皇“焚书坑儒”处 临潼区
15%
Line 9 灞柳二路 道路名 临潼区
15%
Line 1 白马河 河流名 西咸新区
14%
Line 1 宝泉路 道路名 咸阳主城区部分
14%
Line 3 新筑 工业园 港务区
14%
Line 5 东马坊 遗址 西咸新区
14%
Line 6 西部大道(西太路口) 道路名 高新区
14%
Line 9 银桥大道 民营企业相关 临潼区
14%
Line 9 东三岔 原定站名为唐韵园站 临潼区
14%
Line 9 芷阳广场 公共建筑 临潼区
14%
Line 1 沣东自贸园 附近区划命名 西咸新区
13%
Line 4 金滹沱 附近地块命名
13%
Line 4 神舟大道 地块强相关道路名
13%
Line 5 沣西文化公园 公园 西咸新区
13%
Line 14 港务大道 地块强相关道路名 港务区
13%
Line 16 秦创原中心 公共建筑 西咸新区
13%
Line 16 西咸大厦 新区建筑 西咸新区
13%
Line 16 沣东自贸园 商区区划 西咸新区
13%
Line 1 安谷 早期农耕时代祭祀社稷的地方 西咸新区
11%
Line 5 钓台 遗址 西咸新区
11%
Line 6 仁村 附近地块命名 高新区
11%
Line 9 凤凰池 唐代又名高阳池 临潼区
11%
Line 9 紫霞三路 道路名 临潼区
11%
Line 14 北辰 唐朝商业中心 港务区
11%
Line 1 陈杨寨 原沣西镇 西咸新区
10%
Line 4 长青路 道路名
10%
Line 5 西窑头 城中村改造优秀项目
10%
Line 5 复兴大道南 道路名 西咸新区
10%
Line 5 文教园 附近地块命名 西咸新区
10%
Line 9 西花园 附近地块命名 临潼区
9%
Line 14 新寺 遗址 港务区
8%
Line 16 沣东城市广场 公共建筑 西咸新区
8%
Line 16 复兴大道北 道路名 西咸新区
6%
Line 1 北槐 原民俗文化村 西咸新区
5%
No matching quizzes found
Score Distribution
Percent of People with Each Score
Percentile by Number Answered
Your Score History
You have not taken this quiz